Shigley's mechanical engineering design / (Record no. 8452)
[ view plain ]
| 000 -LEADER | |
|---|---|
| fixed length control field | 01473cac a22003855a 4500 |
| 005 - DATE AND TIME OF LATEST TRANSACTION | |
| control field | 20150819110517.0 |
| 008 - FIXED-LENGTH DATA ELEMENTS--GENERAL INFORMATION | |
| fixed length control field | 111103s2008 nyua|||| |||| 001 0 eng d |
| 010 ## - LIBRARY OF CONGRESS CONTROL NUMBER | |
| LC control number | 2006024364 |
| 020 ## - INTERNATIONAL STANDARD BOOK NUMBER | |
| International Standard Book Number | 0073121932 (hard copy : alk. paper) |
| 020 ## - INTERNATIONAL STANDARD BOOK NUMBER | |
| International Standard Book Number | 0071268960 |
| 020 ## - INTERNATIONAL STANDARD BOOK NUMBER | |
| International Standard Book Number | 9780073121932 (hard copy : alk. paper) |
| 020 ## - INTERNATIONAL STANDARD BOOK NUMBER | |
| International Standard Book Number | 9780071268967 |
| 035 ## - SYSTEM CONTROL NUMBER | |
| System control number | (OCoLC)ocm70836665 |
| 035 ## - SYSTEM CONTROL NUMBER | |
| System control number | (OCoLC)70836665 |
| 040 ## - CATALOGING SOURCE | |
| Original cataloging agency | EG-ScBUE |
| Language of cataloging | eng |
| Transcribing agency | EG-ScBUE |
| 082 04 - DEWEY DECIMAL CLASSIFICATION NUMBER | |
| Classification number | 621.815 |
| Item number | BUD |
| Edition number | 22 |
| 100 1# - MAIN ENTRY--PERSONAL NAME | |
| Personal name | Budynas, Richard G. |
| 9 (RLIN) | 27711 |
| 245 10 - TITLE STATEMENT | |
| Title | Shigley's mechanical engineering design / |
| Statement of responsibility, etc | Richard G. Budynas, J. Keith Nisbett. |
| 250 ## - EDITION STATEMENT | |
| Edition statement | 8th ed. |
| 260 ## - PUBLICATION, DISTRIBUTION, ETC. (IMPRINT) | |
| Place of publication, distribution, etc | New York : |
| Name of publisher, distributor, etc | McGraw-Hill, |
| Date of publication, distribution, etc | c.2008. |
| 300 ## - PHYSICAL DESCRIPTION | |
| Extent | xxv, 1055 p.: |
| Other physical details | ill. ; |
| Dimensions | 27 cm. |
| 490 ## - Series Statement | |
| Series statement | McGraw-Hill series in mechanical engineering |
| 500 ## - GENERAL NOTE | |
| General note | Index : p. 1040-1055. |
| 500 ## - GENERAL NOTE | |
| General note | Previous ed. by Joseph Edward Shigley published under title: Mechanical engineering design. |
| 504 ## - BIBLIOGRAPHY, ETC. NOTE | |
| Bibliography, etc | Includes bibliographical references. |
| 590 ## - LOCAL NOTE (RLIN) | |
| Local note | Doha Ragab |
| 650 #0 - SUBJECT ADDED ENTRY--TOPICAL TERM | |
| Topical term or geographic name as entry element | Machine design. |
| 9 (RLIN) | 27713 |
| Source of heading or term | BUEsh |
| 651 ## - SUBJECT ADDED ENTRY--GEOGRAPHIC NAME | |
| Source of heading or term | BUEsh |
| 653 ## - INDEX TERM--UNCONTROLLED | |
| Arrived date list | November2011 |
| Resource For college | Engineering, Mechanical |
| 700 1# - ADDED ENTRY--PERSONAL NAME | |
| Personal name | Nisbett, J. Keith. |
| 9 (RLIN) | 27714 |
| 700 1# - ADDED ENTRY--PERSONAL NAME | |
| Personal name | Shigley, Joseph Edward. |
| Title of a work | Mechanical engineering design. |
| 9 (RLIN) | 27715 |
| 856 41 - ELECTRONIC LOCATION AND ACCESS | |
| Materials specified | Table of contents only |
| Uniform Resource Identifier | <a href="http://www.loc.gov/catdir/toc/ecip0618/2006024364.html">http://www.loc.gov/catdir/toc/ecip0618/2006024364.html</a> |
| 856 41 - ELECTRONIC LOCATION AND ACCESS | |
| Materials specified | Publisher description |
| Uniform Resource Identifier | <a href="http://www.loc.gov/catdir/enhancements/fy0701/2006024364-d.html">http://www.loc.gov/catdir/enhancements/fy0701/2006024364-d.html</a> |
| 942 ## - ADDED ENTRY ELEMENTS (KOHA) | |
| Item type | Book - Borrowing |
| Source of classification or shelving scheme | Dewey Decimal Classification |
| Withdrawn status | Item status | Source of classification or shelving scheme | Damaged status | Not for loan | Vendor | Home library | Current library | Shelving location | Date acquired | Source of acquisition | Total Checkouts | Total Renewals | Full call number | Barcode | Checked out | Date last seen | Date last borrowed | Koha item type | Cost, normal purchase price | Cost, replacement price | Materials specified (bound volume or other part) |
|---|---|---|---|---|---|---|---|---|---|---|---|---|---|---|---|---|---|---|---|---|---|
| Dewey Decimal Classification | Baccah | Central Library | Central Library | First floor | 09/03/2008 | 4 | 10 | 621.815 BUD | 000010276 | 30/06/2014 | 28/09/2011 | 28/09/2011 | Book - Borrowing | ||||||||
| Dewey Decimal Classification | Baccah | Central Library | Central Library | First floor | 03/11/2011 | 5 | 50 | 621.815 BUD | 000025581 | 15/07/2025 | 04/10/2018 | Book - Borrowing | 180.00 | 225.00 | |||||||
| Lost | Dewey Decimal Classification | Baccah | Central Library | Central Library | First floor | 03/11/2011 | 1 | 3 | 621.815 BUD | 000025580 | 23/06/2013 | 12/03/2012 | Book - Borrowing | Lost In Inventory_2005-2015/8/22 | |||||||
| Dewey Decimal Classification | Baccah | Central Library | Central Library | First floor | 03/11/2011 | 8 | 66 | 621.815 BUD | 000025579 | 15/07/2025 | 23/02/2017 | Book - Borrowing |